University Home | Library Home | Institutional Repository

Survey of Russian History. (Record no. 8535)

MARC details
000 -LEADER
fixed length control field 00593cam2a220021700 4500
001 - CONTROL NUMBER
control field zam00003556
008 - FIXED-LENGTH DATA ELEMENTS--GENERAL INFORMATION
fixed length control field 951128s1966 xx eng u
035 ## - SYSTEM CONTROL NUMBER
System control number (Sirsi) r20882
035 ## - SYSTEM CONTROL NUMBER
System control number (MACHINE)SLC.
100 ## - MAIN ENTRY--PERSONAL NAME
Personal name Sumner, B.
Linkage A82415.1
245 10 - TITLE STATEMENT
Title Survey of Russian History.
260 ## - PUBLICATION, DISTRIBUTION, ETC.
Date of publication, distribution, etc. 1966.
591 ## -
-- Class code: H 440.
591 ## -
-- Course: History of the Soviet Union.
591 ## -
-- School: S05.
591 ## -
-- Lecturer: Dr. KASHIMANI, F.
591 ## -
-- Number of Students: 18.
949 ## - LOCAL PROCESSING INFORMATION (OCLC)
a DK41
w lcc
m MAIN
p 2500
t SHORTLOAN
l SHORTLOAN
909 ## -
-- Book
Holdings
Withdrawn status Lost status Source of classification or shelving scheme Damaged status Not for loan Home library Current library Shelving location Total Checkouts Full call number Barcode Date last seen Copy number Price effective from Koha item type
    Library of Congress Classification     Main Library Main Library Academic reserves/Short loan   DK41 33729000121454 08/12/2019 1 08/12/2019 Short Loan material
© 2026 - The University of Zambia Library - Koha v25.11